000 01041nam a22002417a 4500
001 514
005 20260311095552.0
020 _a9780545341042
040 _aFISKH
_beng
_cFISKH
_dFISKH
050 _aPZ7
082 _a813.6
100 _aDami, Elisabetta
_d1958-
245 _aThea Stilton and the blue scarab
250 _aFirst Printing, June 2012.
260 _aNew York.
_bScholastic.
_c2012
300 _a159 pages :
_c20 cm.
490 _aGeronimo Stilton
505 _aM
520 _aGeronimo's sister Thea Stilton narrates this action-packed adventure!The Thea Sisters have been invited to Egypt to participate in a fabumouse archeological excavation. They are helping to look for the legendary ancient Treasure of the Sun! A precious blue stone scarab may be the key to their search, and they work enthusiastically to uncover the past. But they also discover that thieves are after the hidden treasure. It's up to the Thea Sisters to stop them!
521 _a720
_bLexile
521 _aM
_bRaz-Plus
942 _2ddc
_cBK
_n0
999 _c514
_d514